Statystyki dla 10 Największych aglomeracji na świecie (ludność

Kliknij tutaj aby rozwiązać quiz!

Ogólne statystyki

  • Ten quiz został rozwiązany 47 razy
  • Średni wynik to 8 z 10

Statystyki odpowiedzi

LudnośćKrajStolica (aglomeracji)% Poprawnych
23 600 000USANowy Jork
98%
27 700 000MEKSYKMeksyk
96%
34 600 000JAPONIATokio
96%
21 500 000KOREA POŁUDNIOWASeul
87%
27 700 000CHINYSzanghaj
87%
18 100 000USALos Angeles
80%
19 800 000INDONEZJADżakarta
76%
21 300 000BRAZYLIASao Paulo
72%
22 900 000INDIEBombaj
65%
21 100 000PAKISTANKaraczi
46%

Rozkład punktacji

Percentyl według liczby udzielonych odpowiedzi

Procent ludzi z każdym wynikiem

Twoja historia wyników

Nie rozwiązałeś tego quizu